Qui a inventé cela ? - Statistiques

Statistiques générales
  • Ce quiz a été pris 68 fois
  • Le résultat moyen est 5 sur 16
Statistiques - réponses
Invention/Découverte Inventeur/Découvreur % Correct
Le Vaccin contre la rage Louis Pasteur
89%
Théorie de la relativité Albert Einstein
73%
L'Imprimerie (Nom) Gutenberg
60%
Le Braille Louis Braille
54%
La Calculatrice Blaise Pascal
27%
Le Courant Alternatif Nikola Tesla
25%
La Machine à Vapeur James Watt
22%
Pile Électrique Alessandro Volta
19%
Le Téléphone Alexander Graham Bell
19%
La Radio (Nom) Marconi
17%
Le Cinématographe (Petite Précision L'inventeur original est décédé avant de breveter son invention,l'Histoire a donc reconnu ces deux inventeurs comme les vrais créateurs du Cinéma Moderne.) Auguste et Louis Lumière
14%
La Pomme de Terre Antoine Parmentier
11%
Le Télégraphe Samuel Morse
8%
Électromagnétisme André-Marie Ampère
5%
Première locomotive à vapeur (Nom) Stephenson
5%
Le Stylo Plume Louis Waterman
2%
Aucun quiz correspondant
Distribution des résultats
% des personnes avec chaque résultat
Percentile par nombre de réponses
Votre historique - résultats
Vous n’avez pas pris ce quiz